Ilustrovaná encyklopedie 1. A-I
Salvato in:
| Altri autori: | |
|---|---|
| Natura: | Libro |
| Lingua: | ceco |
| Pubblicazione: |
Praha
Encyklopedický dům
1995
|
| Edizione: | 1. vyd. |
| Accesso online: | Visualizza in OPAC |
| Tags: |
Nessun Tag, puoi essere il primo ad aggiungerne!!
|
MARC
| LEADER | 00000nam a2200000 a 4500 | ||
|---|---|---|---|
| 005 | 20260127134140.0 | ||
| 008 | 000507e1995 xr g cze c | ||
| 020 | |a 8090164749 |c [558.00 SK] | ||
| 020 | |a 8090164730 | ||
| 035 | |a vtls008465628 | ||
| 035 | |a SAVUKc040170 | ||
| 039 | 9 | |a 201204251144 |b mschk03 |y 200602030030 |z VLOAD | |
| 040 | |a SAVUK |b slo |c SNK |d STUSCHK1 |e AACR2 | ||
| 041 | 1 | |a cze | |
| 044 | |a xr |c CZ | ||
| 080 | |a 03 | ||
| 242 | 1 | 0 | |a Ilustrovaná encyklopédia. Zv. 1. A-I |y cze |
| 245 | 1 | 0 | |a Ilustrovaná encyklopedie 1. A-I |c zostavila Hana Bradnová ...[et al.] |
| 250 | |a 1. vyd. | ||
| 260 | |a Praha |b Encyklopedický dům |c 1995 | ||
| 300 | |a 527 s. |b Fotogr., mp., tab. | ||
| 700 | 1 | |a Bradnová, Hana |4 com | |
| 910 | |a savuk | ||
| 910 | |a SCHK95 | ||
| 919 | |a 80-901647-4-9 | ||
| 919 | |a 80-901647-3-0 | ||
| 999 | |c 5209 |d 5209 | ||